| 000 | 00450cam a2200181ua 4500 | ||
|---|---|---|---|
| 001 | 3730 | ||
| 008 | 111203n ii |||gr||||Z||||||asm | ||
| 040 | _cMAIN | ||
| 082 | _a891.4514 | ||
| 100 |
_aSharma, Sashi, _eAuthor. |
||
| 245 | 1 | 1 |
_aSahityat bibartan _cby Sashi Sharma |
| 250 | _a1st. | ||
| 260 |
_aNalbari: _bSamanvaya Granthalaya,984. |
||
| 300 |
_a226p: _c23cm. |
||
| 653 | _aAssamese literature | ||
| 653 | _aSahityat bibartan | ||
| 942 | _cBK | ||
| 999 |
_c3556 _d3556 |
||